000 00896nam a2200229Ia 4500
999 _c40414
_d40414
003 GCL
005 20240530103533.0
008 140319s1986 le 000 0 ara d
040 _aGCL /
_cGCL
082 0 4 _a956.04/
_bد س
100 1 _aاورى , ديفز
245 1 0 _aالسياسة المائية لاسرائيل /
_cاورى ديفيس، انطونيا ماكس، جون ريتشاردسون
260 _a[بيروت :
_bمؤسسة الدراسات الفلسطينية ،
_c1986
300 _a40 ص. ،
_e19 سم.
490 0 _aاوراق مؤسسة الدراسات الفلسطسينية ؛
_v6
650 0 7 _aالنزاع العربى الاسرائيلى
_2qrmak
651 0 7 _2qrmak
_aاسرائيل
651 0 7 _2qrmak
_aفلسطين
700 1 _aريتشاردسون، جون
_eمؤلف مشارك
700 1 _aماكس ,انطون
_eمؤلف مشارك
942 _2ddc
_cBK